| 000 | 00633nam a2200205Ii 4500 | ||
|---|---|---|---|
| 001 | 18585 | ||
| 003 | CO-ViMGA | ||
| 008 | 241108s9999||||xx |||||||||||||| ||und|| | ||
| 040 |
_aCO-ViMGA _bspa _erda _cCO-ViMGA |
||
| 041 | 0 | _aspa | |
| 082 | 0 | 4 | _a268.6 I34p |
| 110 | 1 |
_aIglesia Católica. Arquidiócesis de Villavicencio _953074 |
|
| 245 | 1 | 0 | _aPlan pastoral Arquicesano 2007 - 2016 |
| 264 | 1 | _aBogotá, Colombia : San Pablo Apóstol, 2006 | |
| 300 | _avolumen | ||
| 336 |
_atext _btxt _2rdacontent |
||
| 337 |
_aunmediated _bn _2rdamedia |
||
| 338 |
_avolume _bnc _2rdacarrier |
||
| 940 | _aidficha_siabuc: 18246. -- ficha_no_siabuc:18585 | ||
| 999 |
_c48717 _d48717 |
||